De 11e en 12e eeuw - Statistieken

Algemene statistieken
  • Deze quiz is 16 keer genomen
  • De gemiddelde score is 13 van 20
Antwoordstatistieken
Jaar Beschrijving Antwoord % Correct
1163 Aan de bouw van deze beroemde kathedraal in Parijs wordt begonnen Notre Dame
100%
1096 De oudste universiteit van Engeland wordt in gebruik genomen Oxford
100%
1185 Dit gebouw om graan te malen wordt ook in Europa in gebruik genomen Wind{molen}
100%
1192 Shoguns vervangen de keizers als de-facto leiders van dit land Japan
91%
1156 Het Kremlin wordt in deze stad gebouwd Moskou
91%
1016 Knoet de Grote, prins van dit land, verovert Engeland Denemarken
82%
1187 Deze Chinese navigatie-uitvinding wordt voor het eerst gebruik in Europa Kompas
82%
1189 Deze koning wordt in Engeland gekroond, zijn bijnaam is Koning Leeuwenhart Richard I
82%
1066 Deze Normandiër verovert Engeland Willem de Veroveraar
82%
1099 De Eerste Kruistocht eindigt met het binnenvallen van deze stad Jeruzalem
73%
1054 De Roomse Kerk scheidt van de kerk in deze stad met het Oosters Schisma Constantinopel
64%
1040 Deze technologie is uitgevonden in China, 400 jaar voor Gutenberg Drukpers
64%
Rond 1100 Dit bekende tempelcomplex wordt in Cambodia gebouwd Angkor Wat
55%
1001 Leif Erikson bouwt nederzettingen in dit hedendaags land, toen noemde hij het "Vinland" Canada
45%
1170 Thomas Becket, aartsbisschop van deze stad, werd op bevel van Henry II vermoord Canterbury
45%
1189–1192 Deze moslimleider verslaat de Derde Kruistocht en krijgt het respect van de kruisvaarders Saladin
45%
1010 De oudste overgebleven kopie van dit episch Oud-Engels gedicht wordt geschreven. Beowulf
36%
1104 Deze marine grootmacht in Europa begint een productielijn te gebruiken om in snel tempo schepen te produceren Venetië
36%
1054 Astronomen in grote delen van de wereld nemen dit astrologisch fenomeen waarvan de Krab Nebula een overblijfsel is Supernova
27%
1086 Dit boek lijst alle belastbaar onroerend goed in Engeland op {Doemsdag} Boek
18%
Geen overeenkomende quizzen gevonden
Scoreverdeling
Procent van Mensen met Elke Score
Percentiel versus Aantal Correcte Antwoorden
Uw Scoregeschiedenis
U heeft deze quiz nog niet genomen